00000000nam##2200000za#4500
0019.610429
003CaOODSP
00520200327120051
007ta
008150406|1993||||xxc|||||     f|0| 0 eng|d
022 |a0714-6221
040 |aCaOODSP|beng
043 |an-cn---
0861 |aNM95-57/2-3-1992E
1101 |aCanada.|bCommunications Canada. |bCanadian Conservation Institute.
24510|aTrack lighting
260 |aOttawa - Ontario : |bCommunications Canada. |c1993.
300 |a2p. : |breferences ; |c28 cm.
4901 |aCCI Notes |x0714-6221|v2/3
500 |aN.B.: Incorrect catalogue number (NM95-57/2-3-1983E) printed in this publication.
563 |aLoose-leaf
7760#|tTrack lighting |w(CaOODSP)9.570127
830#0|aCCI notes,|x0714-6221|v2/3|w(CaOODSP)9.514835